000 00560nam a2200217 i 4500
001 C2-0287879
003 PPAK
005 20180728021121.0
008 080306s1976 my |||| ||||| | may d
040 _aPPAK
_beng
_cPPAK
_erda
082 0 4 _a070.43
_223
090 0 0 _a070.43
_bMAS
_dKSS
245 0 0 _aMastika
250 _aSeptember 1976
264 1 _aKuala Lumpur :
_bUtusan Melayu (M) Berhad ,
_c1976
300 _a144 pages ;
_c18 cm
336 _2rdacontent
_atext
337 _2rdamedia
_aunmediated
338 _2rdacarrier
_avolume
942 _ddc
_cB
999 _c93553
_d93553